[Event "Vladivostok Primorsky Debut"]
[Site "Vladivostok"]
[Date "2014.07.26"]
[Round "6"]
[White "Pavlovskiy, Mikhail"]
[Black "Yanchenko, Roman"]
[Result "0-1"]
[WhiteElo "2254"]
[BlackElo "2311"]
[PlyCount "120"]
[EventDate "2014.07.21"]
[EventType "swiss"]
[EventRounds "9"]
[EventCountry "RUS"]
[SourceTitle "CBM 161 Extra"]
[Source "ChessBase"]
[SourceDate "2014.08.29"]
[SourceVersion "1"]
[SourceVersionDate "2014.08.29"]
[SourceQuality "1"]

1. e4 d5 2. exd5 Qxd5 3. Nc3 Qa5 4. d4 c6 5. Nf3 Nf6 6. Be2 Bf5 7. 0-0 e6 8. Bg5 Nbd7 9. Qd2 Bb4 10. Bd3 Bg4 11. Bxf6 gxf6 12. Nh4 Rg8 13. g3 f5 14. a3 Be7 15. Ng2 h5 16. Qe3 h4 17. Ne2 hxg3 18. fxg3 Qb6 19. c3 c5 20. d5 c4 21. dxe6 Qxe3+ 22. Nxe3 fxe6 23. Bxc4 Bxe2 24. Bxe2 Bc5 25. Kf2 Ne5 26. Bb5+ Ke7 27. Ke2 a6 28. Ba4 Bxe3 29. Kxe3 Ng4+ 30. Ke2 Nxh2 31. Rh1 Rh8 32. Rag1 Ng4 33. Bb3 Nf6 34. Rxh8 Rxh8 35. Kf3 Ng4 36. Re1 e5 37. Re2 Kf6 38. Bd5 b6 39. c4 e4+ 40. Kg2 Ke5 41. Kg1 Rh3 42. Kg2 Rh2+ 43. Kf1 Rh1+ 44. Kg2 Rc1 45. Bb7 a5 46. b4 Rxc4 47. bxa5 bxa5 48. Rd2 Ne3+ 49. Kf2 Rc3 50. a4 Ng4+ 51. Kg2 Rd3 52. Rxd3 exd3 53. Kf3 Kd4 54. Ba6 Nh2+ 55. Kf4 Nf1 56. Kf3 Kc3 57. Kf2 Nd2 58. Bb7 Ne4+ 59. Ke3 d2 60. Ke2 Kc2 0-1

[Event "Vladivostok Meridian op rap"]
[Site "Vladivostok"]
[Date "2014.07.19"]
[Round "4"]
[White "Pavlovskiy, Mikhail"]
[Black "Rychkov, Oleg"]
[Result "1/2-1/2"]
[WhiteElo "2254"]
[BlackElo "2333"]
[PlyCount "205"]
[EventDate "2014.07.18"]
[EventType "swiss (rapid)"]
[EventRounds "11"]
[EventCountry "RUS"]
[SourceTitle "CBM 161 Extra"]
[Source "ChessBase"]
[SourceDate "2014.08.29"]
[SourceVersion "1"]
[SourceVersionDate "2014.08.29"]
[SourceQuality "1"]

1. e4 e5 2. Nf3 Nc6 3. Bc4 Be7 4. d3 d6 5. Be3 a6 6. Nc3 Na5 7. Bb3 Nxb3 8. axb3 Nf6 9. h3 0-0 10. 0-0 c6 11. d4 exd4 12. Nxd4 Re8 13. Re1 g6 14. Qd2 Bd7 15. Rad1 b5 16. Bf4 Nh5 17. Bh2 Bg5 18. Qd3 Nf4 19. Qf3 Qf6 20. Nce2 Nxe2+ 21. Qxe2 d5 22. e5 Qg7 23. Qd3 Bd8 24. b4 a5 25. bxa5 Bxa5 26. c3 Bc7 27. f4 Bb6 28. Kh1 Ra2 29. Rd2 Rea8 30. Bg3 Qh6 31. Kh2 Re8 32. Rde2 Bg4 33. Rd2 Bd7 34. Rf1 Bc7 35. Nf3 Bf5 36. Qd4 Ra6 37. Qf2 Bb6 38. Nd4 Qh5 39. Qf3 Qxf3 40. Nxf3 Be3 41. Rdd1 Ra2 42. Rfe1 Bb6 43. Rd2 Ba5 44. Red1 b4 45. cxb4 Bxb4 46. Re2 Bc3 47. Rc1 d4 48. Be1 Rxb2 49. Rxb2 Bxb2 50. Rxc6 Rd8 51. Rd6 Rxd6 52. exd6 d3 53. Bb4 f6 54. g4 Bd7 55. Nd2 Bc6 56. Kg3 Kf7 57. Nc4 Bd4 58. Nd2 Ke6 59. Nf3 Be3 60. Nd2 Kd5 61. Nf1 Ke4 62. Nd2+ Kd4 63. Ba5 Kc5 64. Nb3+ Kxd6 65. Bc3 Bd5 66. Nd2 Kc6 67. Nf1 Bc1 68. Nd2 Kb5 69. Kf2 g5 70. Ke3 Bg2 71. fxg5 fxg5 72. Kxd3 Bxh3 73. Bf6 Bxg4 74. Bxg5 Bf5+ 75. Ke2 Kc6 76. Kf2 Kd5 77. Kg3 Bb2 78. Nf3 Ke6 79. Be3 Kd5 80. Nh4 Be4 81. Kg4 Kc4 82. Kf4 Kd3 83. Bb6 Bc1+ 84. Kg4 Bc6 85. Kg3 Ke4 86. Ng2 Bg5 87. Bc7 Kf5 88. Nh4+ Ke4 89. Kg4 Bf6 90. Kg3 h5 91. Bb8 Ba4 92. Bc7 Bd1 93. Ng2 Bg5 94. Bd6 Be2 95. Bc7 Bf1 96. Kf2 Bb5 97. Kg3 Bd7 98. Bd6 Kd4 99. Bc7 Kc3 100. Bd6 Kc2 101. Bc7 Kd1 102. Bd6 Bg4 103. Bf4 1/2-1/2

[Event "Vladivostok Russian Cup"]
[Site "Vladivostok"]
[Date "2012.09.21"]
[Round "5"]
[White "Pavlovskiy, Mikhail"]
[Black "Fedoseev, Vladimir1111"]
[Result "0-1"]
[WhiteElo "2252"]
[BlackElo "2495"]
[PlyCount "108"]
[EventDate "2012.09.17"]
[EventType "swiss"]
[EventRounds "9"]
[EventCountry "RUS"]
[SourceTitle "CBM 150 Extra"]
[Source "ChessBase"]
[SourceDate "2012.10.19"]
[SourceVersion "1"]
[SourceVersionDate "2012.10.19"]
[SourceQuality "1"]

1. e4 c5 2. Nf3 d6 3. d4 cxd4 4. Nxd4 Nf6 5. Nc3 a6 6. Be2 e5 7. Nb3 Be7 8. 0-0 0-0 9. f4 b5 10. Bf3 Nbd7 11. Kh1 Nb6 12. Qe2 b4 13. Nd5 Nfxd5 14. exd5 a5 15. Rd1 f6 16. Be3 Ba6 17. Qf2 Nc4 18. Rab1 Qc8 19. Rdc1 g5 20. fxg5 fxg5 21. Qe1 Rxf3 22. gxf3 Qh3 23. Nd2 Nxd2 24. Qxd2 Qxf3+ 25. Kg1 Be2 26. Rf1 Qg4+ 27. Kh1 Rf8 28. Rxf8+ Bxf8 29. Rg1 Bf3+ 30. Rg2 h6 31. b3 Bg7 32. Kg1 Bxg2 33. Qxg2 Qd1+ 34. Kf2 Qxc2+ 35. Kg3 Qd3 36. Qd2 Qe4 37. h3 Qh1 38. Qc1 Qxd5 39. Qc8+ Kf7 40. Qd7+ Kg6 41. Qe8+ Kh7 42. Qc8 Qd3 43. Kf2 Qb1 44. Bd2 d5 45. Qd7 d4 46. Qd5 Qd3 47. Ke1 Qa6 48. Qe4+ Qg6 49. Qd5 e4 50. Qxa5 e3 51. Bxb4 Qe4 52. Kd1 d3 53. Be1 Qf3+ 54. Kc1 Qc6+ 0-1

[Event "Vladivostok Russian Cup"]
[Site "Vladivostok"]
[Date "2012.09.17"]
[Round "1"]
[White "Pavlovskiy, Mikhail"]
[Black "Khismatullin, Denis Rimovich"]
[Result "0-1"]
[WhiteElo "2252"]
[BlackElo "2639"]
[PlyCount "70"]
[EventDate "2012.09.17"]
[EventType "swiss"]
[EventRounds "9"]
[EventCountry "RUS"]
[SourceTitle "CBM 150 Extra"]
[Source "ChessBase"]
[SourceDate "2012.10.19"]
[SourceVersion "1"]
[SourceVersionDate "2012.10.19"]
[SourceQuality "1"]

1. e4 c5 2. Nf3 d6 3. d4 cxd4 4. Nxd4 Nf6 5. Nc3 a6 6. Be2 Nbd7 7. Be3 g6 8. Qd2 Bg7 9. Nb3 b5 10. a3 Bb7 11. f3 Rc8 12. Bh6 Bxh6 13. Qxh6 Qb6 14. 0-0-0 g5 15. Rhe1 Rxc3 16. bxc3 Rg8 17. Bf1 Ne5 18. Nd4 Bc8 19. Nf5 Bxf5 20. exf5 Qc5 21. Kb2 Kd7 22. Qh3 Rc8 23. f4 gxf4 24. Rd4 f3 25. Re3 Nd5 26. f6+ e6 27. Rxd5 Qxe3 28. Bd3 Qe1 29. Rxe5 Qxe5 30. Qxf3 Rxc3 31. Ka2 d5 32. Qf2 d4 33. Kb2 Qc5 34. Qf3 Qxa3+ 35. Kb1 Kd6 0-1

[Event "Vladivostok op"]
[Site "Vladivostok"]
[Date "2011.04.03"]
[Round "9"]
[White "Pavlovskiy, Mikhail"]
[Black "Musaev, Rasul"]
[Result "1/2-1/2"]
[WhiteElo "2214"]
[BlackElo "2156"]
[PlyCount "52"]
[EventDate "2011.03.26"]
[EventType "swiss"]
[EventRounds "9"]
[EventCountry "RUS"]
[SourceTitle "CBM 141 Extra"]
[Source "ChessBase"]
[SourceDate "2011.05.03"]
[SourceVersion "1"]
[SourceVersionDate "2011.05.03"]
[SourceQuality "1"]

1. e4 c5 2. Nf3 Nc6 3. d4 cxd4 4. Nxd4 Nf6 5. Nc3 d6 6. Be2 e6 7. Be3 Be7 8. 0-0 0-0 9. Qd2 a6 10. f4 Bd7 11. Bf3 Qc7 12. Nb3 b5 13. a4 b4 14. Ne2 a5 15. Ned4 Nxd4 16. Bxd4 e5 17. Be3 Rfc8 18. Rfc1 Qb7 19. Qd3 Bc6 20. Nd2 d5 21. exd5 Nxd5 22. fxe5 Rd8 23. Qe2 Nxe3 24. Qxe3 Rac8 25. Kh1 Bc5 26. Bxc6 Bxe3 1/2-1/2

[Event "Vladivostok op"]
[Site "Vladivostok"]
[Date "2011.03.27"]
[Round "2"]
[White "Panchenko, Makar"]
[Black "Pavlovskiy, Mikhail"]
[Result "0-1"]
[WhiteElo "1924"]
[BlackElo "2214"]
[PlyCount "74"]
[EventDate "2011.03.26"]
[EventType "swiss"]
[EventRounds "9"]
[EventCountry "RUS"]
[SourceTitle "CBM 141 Extra"]
[Source "ChessBase"]
[SourceDate "2011.05.03"]
[SourceVersion "1"]
[SourceVersionDate "2011.05.03"]
[SourceQuality "1"]

1. e4 e5 2. Nf3 Nc6 3. d4 exd4 4. Nxd4 Nf6 5. Nxc6 bxc6 6. Bd3 Be7 7. e5 Nd5 8. Qg4 g6 9. 0-0 0-0 10. Bh6 Re8 11. a3 d6 12. Qc4 Bb7 13. exd6 cxd6 14. Nd2 Nb6 15. Qg4 Bf6 16. Rab1 d5 17. f4 Nd7 18. b4 Bc8 19. Qf3 Bd4+ 20. Kh1 f5 21. Rfe1 Bb7 22. Bg5 Qc7 23. c4 Bg7 24. cxd5 cxd5 25. Rec1 Qb6 26. Bh4 Nf6 27. Bf2 d4 28. Qd1 Ne4 29. Bg1 Qf6 30. Qb3+ Kh8 31. Nf3 Qd6 32. Bxe4 fxe4 33. Nxd4 Bxd4 34. Rd1 e3 35. Bxe3 Bxg2+ 36. Kxg2 Qc6+ 37. Kf1 Qf3+ 0-1

[Event "Vladivostok op"]
[Site "Vladivostok"]
[Date "2011.03.26"]
[Round "1"]
[White "Pavlovskiy, Mikhail"]
[Black "Tsigankov, Vladimir"]
[Result "1-0"]
[WhiteElo "2214"]
[BlackElo "1870"]
[PlyCount "87"]
[EventDate "2011.03.26"]
[EventType "swiss"]
[EventRounds "9"]
[EventCountry "RUS"]
[SourceTitle "CBM 141 Extra"]
[Source "ChessBase"]
[SourceDate "2011.05.03"]
[SourceVersion "1"]
[SourceVersionDate "2011.05.03"]
[SourceQuality "1"]

1. e4 c6 2. d4 d5 3. Nd2 dxe4 4. Nxe4 Nf6 5. Nxf6+ exf6 6. Bf4 Be6 7. c3 Bd6 8. Bxd6 Qxd6 9. Bd3 0-0 10. Ne2 Re8 11. 0-0 Nd7 12. Qc2 g6 13. Rfe1 f5 14. g3 Nf6 15. Nf4 Nd5 16. Nxd5 Bxd5 17. f4 f6 18. a3 Re7 19. Re2 Rae8 20. Rae1 Kg7 21. Kf2 b5 22. a4 a6 23. a5 c5 24. Rxe7+ Rxe7 25. Rxe7+ Qxe7 26. Qe2 Qxe2+ 27. Bxe2 c4 28. Ke3 Kf7 29. Kd2 Ke6 30. Kc1 Kd6 31. Kb1 Kc6 32. Ka2 Kd6 33. Ka3 Kc6 34. Kb4 Kd6 35. Bd1 Kc6 36. b3 cxb3 37. Bxb3 Be4 38. c4 Bd3 39. cxb5+ Bxb5 40. Bg8 h6 41. Bf7 g5 42. Be8+ Kb7 43. Bxb5 axb5 44. Kxb5 1-0

[Event "Vladivostok-ch"]
[Site "Vladivostok"]
[Date "2010.10.21"]
[Round "7"]
[White "Chuhachev, Vladimir"]
[Black "Pavlovskiy, Mikhail"]
[Result "1/2-1/2"]
[WhiteElo "2035"]
[BlackElo "2217"]
[PlyCount "24"]
[EventDate "2010.10.15"]
[EventType "swiss"]
[EventRounds "9"]
[EventCountry "RUS"]
[SourceTitle "EXT 2022"]
[Source "ChessBase"]
[SourceDate "2021.10.06"]
[SourceVersion "1"]
[SourceVersionDate "2021.10.06"]
[SourceQuality "1"]

1. d3 d6 2. f3 f6 3. Kd2 Kd7 4. Ke3 Ke6 5. Kf2 Kf7 6. Ke1 Ke8 7. Kd2 Kd7 8. Ke3 Ke6 9. Kf2 Kf7 10. Ke1 Ke8 11. Kd2 Kd7 12. Ke3 Ke6 1/2-1/2

[Event "Vladivostok-ch"]
[Site "Vladivostok"]
[Date "2010.10.15"]
[Round "1"]
[White "Gridchin, Maxim"]
[Black "Pavlovskiy, Mikhail"]
[Result "0-1"]
[WhiteElo "1912"]
[BlackElo "2217"]
[PlyCount "56"]
[EventDate "2010.10.15"]
[EventType "swiss"]
[EventRounds "9"]
[EventCountry "RUS"]
[SourceTitle "EXT 2022"]
[Source "ChessBase"]
[SourceDate "2021.10.06"]
[SourceVersion "1"]
[SourceVersionDate "2021.10.06"]
[SourceQuality "1"]

1. e4 e5 2. Nf3 Nc6 3. d4 exd4 4. Nxd4 Nf6 5. Nxc6 bxc6 6. Bg5 h6 7. Bh4 Be7 8. Bxf6 Bxf6 9. c3 0-0 10. Bd3 d6 11. 0-0 Bb7 12. Bc2 Re8 13. Qd3 g6 14. Nd2 c5 15. Bb3 Kg7 16. Rfe1 Qd7 17. Nf3 Rad8 18. Rad1 Qc8 19. h3 Qa8 20. Qc4 Re7 21. e5 dxe5 22. Rxd8 Qxd8 23. Nh2 Qd2 24. Re2 Qd6 25. Ng4 Ba6 26. Qe4 Bd3 27. Qe3 Bg5 28. f4 exf4 0-1

[Event "Vladivostok U20 op"]
[Site "Vladivostok"]
[Date "2010.09.21"]
[Round "2"]
[White "Pavlovskiy, Mikhail"]
[Black "Landina, Natalya"]
[Result "1-0"]
[WhiteElo "2217"]
[BlackElo "2009"]
[PlyCount "63"]
[EventDate "2010.09.20"]
[EventType "swiss"]
[EventRounds "9"]
[EventCountry "RUS"]
[SourceTitle "CBM 138 Extra"]
[Source "ChessBase"]
[SourceDate "2010.10.29"]
[SourceVersion "1"]
[SourceVersionDate "2010.10.29"]
[SourceQuality "1"]

1. e4 e5 2. Nf3 Nc6 3. Bc4 Bc5 4. d3 Nf6 5. Nc3 0-0 6. 0-0 d6 7. h3 Na5 8. Bb3 Nxb3 9. axb3 a6 10. Bg5 c6 11. Nh2 h5 12. Kh1 d5 13. Bxf6 Qxf6 14. Qxh5 d4 15. Ne2 g6 16. Ng4 Bxg4 17. Qxg4 Bd6 18. Kg1 Kg7 19. Ng3 Rh8 20. Nf5+ Kf8 21. Nxd6 Qxd6 22. f4 Qe7 23. fxe5 Qxe5 24. Qxg6 Qg7 25. Qxg7+ Kxg7 26. Rf5 Kf8 27. Raf1 Rh7 28. Re5 Rd8 29. Rff5 Rd6 30. Rh5 Rdh6 31. Rxh6 Rxh6 32. Kh2 1-0

[Event "Vladivostok op-B"]
[Site "Vladivostok"]
[Date "2010.08.08"]
[Round "5"]
[White "Pavlovskiy, Mikhail"]
[Black "Ivanov, Igor Y"]
[Result "1/2-1/2"]
[WhiteElo "2219"]
[BlackElo "2078"]
[PlyCount "104"]
[EventDate "2010.08.04"]
[EventType "swiss"]
[EventRounds "9"]
[EventCountry "RUS"]
[SourceTitle "EXT 2011"]
[Source "ChessBase"]
[SourceDate "2010.11.26"]
[SourceVersion "1"]
[SourceVersionDate "2010.11.26"]
[SourceQuality "1"]

1. e4 e5 2. Nf3 Nc6 3. Bc4 Be7 4. d3 Nf6 5. Nc3 0-0 6. 0-0 d6 7. h3 h6 8. Nh2 Na5 9. Bb3 Nxb3 10. axb3 Be6 11. f4 exf4 12. Bxf4 c6 13. Nf3 a5 14. Kh1 Re8 15. Qd2 Bf8 16. Ne2 d5 17. e5 Nd7 18. Bh2 Bf5 19. Rae1 Bb4 20. c3 Bf8 21. Ned4 Be6 22. Qf4 Nc5 23. Qe3 Be7 24. Nd2 Bh4 25. Bg3 Qg5 26. Bxh4 Qxh4 27. N4f3 Qe7 28. d4 Nd7 29. Qd3 b5 30. Ng1 Nf8 31. Ne2 Qd7 32. Nf4 Bf5 33. Qf3 Bc2 34. Rc1 Bg6 35. Ra1 Qf5 36. Nxg6 Qxg6 37. Qf5 Qxf5 38. Rxf5 Ne6 39. Rff1 Re7 40. Ra3 Rea7 41. Rfa1 Kf8 42. b4 a4 43. Nb3 Ke7 44. Na5 Nd8 45. b3 axb3 46. Rxb3 Nb7 47. Rba3 Nxa5 48. bxa5 Kd7 49. Kg1 Kc8 50. Kf2 Kb7 51. Ke3 Ka6 52. Rf1 Re7 1/2-1/2

[Event "Vladivostok op"]
[Site "Vladivostok"]
[Date "2010.06.07"]
[Round "7"]
[White "Chubukin, Aleksandr Nikolaevi"]
[Black "Pavlovskiy, Mikhail"]
[Result "1/2-1/2"]
[WhiteElo "2228"]
[BlackElo "2231"]
[PlyCount "70"]
[EventDate "2010.06.01"]
[EventType "swiss"]
[EventRounds "9"]
[EventCountry "RUS"]
[SourceTitle "CBM 137 Extra"]
[Source "ChessBase"]
[SourceDate "2010.09.01"]
[SourceVersion "1"]
[SourceVersionDate "2010.09.01"]
[SourceQuality "1"]

1. c4 e5 2. Nc3 Nc6 3. g3 g6 4. Bg2 Bg7 5. Nf3 d6 6. 0-0 Nge7 7. d3 Bd7 8. Bd2 0-0 9. Rb1 Qc8 10. Re1 Nd8 11. Qc1 Ne6 12. Bh6 f5 13. Nd5 Nxd5 14. cxd5 Nd8 15. Bxg7 Kxg7 16. Qc3 c6 17. dxc6 Bxc6 18. Rbc1 Ne6 19. b4 Qd7 20. e3 Rac8 21. Qb2 Kg8 22. Qb3 Kh8 23. Qb2 Kg8 24. Rc3 b6 25. Qb3 Ba4 26. Qa3 Rxc3 27. Qxc3 Rc8 28. Qa3 Rc2 29. b5 Bxb5 30. Ng5 Rc5 31. Nxe6 Qxe6 32. Qxa7 Bxd3 33. Qxb6 e4 34. Bf1 Qxa2 35. Qxd6 Rc2 1/2-1/2

[Event "Vladivostok op"]
[Site "Vladivostok"]
[Date "2010.06.05"]
[Round "5"]
[White "Petko, Daria"]
[Black "Pavlovskiy, Mikhail"]
[Result "0-1"]
[WhiteElo "1810"]
[BlackElo "2231"]
[PlyCount "77"]
[EventDate "2010.06.01"]
[EventType "swiss"]
[EventRounds "9"]
[EventCountry "RUS"]
[SourceTitle "CBM 137 Extra"]
[Source "ChessBase"]
[SourceDate "2010.09.01"]
[SourceVersion "1"]
[SourceVersionDate "2010.09.01"]
[SourceQuality "1"]

1. e4 e5 2. Nf3 Nc6 3. Bc4 Bc5 4. c3 Nf6 5. d3 d6 6. Be3 Bb6 7. Bxb6 axb6 8. Nbd2 0-0 9. 0-0 Na5 10. Bb3 Nxb3 11. Nxb3 Bg4 12. Re1 Re8 13. a3 Nh5 14. h3 Be6 15. d4 Nf4 16. Nc1 Qf6 17. Nd3 Ng6 18. d5 Bd7 19. Rc1 Qd8 20. Qd2 f5 21. Qe3 f4 22. Qe2 Rf8 23. c4 Nh4 24. Rc3 Nxf3+ 25. Qxf3 Qh4 26. Nc1 Rf6 27. b4 Raf8 28. c5 bxc5 29. bxc5 g5 30. g4 fxg3 31. Qxg3 Rxf2 32. Qxh4 gxh4 33. cxd6 cxd6 34. Re2 R2f3 35. Rc7 Bxh3 36. Rxb7 Rxa3 37. Na2 Rg3+ 38. Kh2 Bf1 39. Rd2 0-1

[Event "Vladivostok Cup"]
[Site "Vladivostok"]
[Date "2010.03.26"]
[Round "8"]
[White "Vilchenko, Maxim"]
[Black "Pavlovskiy, Mikhail"]
[Result "1-0"]
[WhiteElo "2204"]
[BlackElo "2237"]
[PlyCount "63"]
[EventDate "2010.03.19"]
[EventType "swiss"]
[EventRounds "9"]
[EventCountry "RUS"]
[SourceTitle "EXT 2022"]
[Source "ChessBase"]
[SourceDate "2021.10.06"]
[SourceVersion "1"]
[SourceVersionDate "2021.10.06"]
[SourceQuality "1"]

1. d4 d5 2. c4 c6 3. Nf3 Nf6 4. Nc3 e6 5. e3 Nbd7 6. Bd3 Be7 7. 0-0 0-0 8. e4 dxe4 9. Nxe4 Nxe4 10. Bxe4 Nf6 11. Bc2 c5 12. Qd3 cxd4 13. Bg5 g6 14. Rfe1 b6 15. Rad1 Bb7 16. Nxd4 Qc7 17. Qh3 Rfe8 18. Nxe6 Qc6 19. Nd4 Qc5 20. Qh4 Kg7 21. Nf5+ gxf5 22. Qh6+ Kg8 23. Bxf6 Bxf6 24. Qxf6 Qb4 25. Re5 Rxe5 26. Qxe5 Qxc4 27. Qxf5 Qxa2 28. Qxh7+ Kf8 29. Qh6+ Ke8 30. Qd6 Qa5 31. b4 Qg5 32. Re1+ 1-0

[Event "Vladivostok Cup"]
[Site "Vladivostok"]
[Date "2010.03.20"]
[Round "2"]
[White "Pavlovskiy, Mikhail"]
[Black "Rastorotskiy, Mikhail"]
[Result "1-0"]
[WhiteElo "2237"]
[BlackElo "2020"]
[PlyCount "107"]
[EventDate "2010.03.19"]
[EventType "swiss"]
[EventRounds "9"]
[EventCountry "RUS"]
[SourceTitle "EXT 2022"]
[Source "ChessBase"]
[SourceDate "2021.10.06"]
[SourceVersion "1"]
[SourceVersionDate "2021.10.06"]
[SourceQuality "1"]

1. e4 c6 2. d4 d5 3. Nd2 dxe4 4. Nxe4 Nd7 5. Nf3 Ngf6 6. Ng3 e6 7. Bd3 Be7 8. 0-0 b6 9. Re1 0-0 10. c3 Bb7 11. Qc2 h6 12. Ne5 c5 13. Nxd7 Qxd7 14. Be3 Rac8 15. dxc5 Qc6 16. f3 Bxc5 17. Bxc5 Qxc5+ 18. Qf2 Rfd8 19. Qxc5 Rxc5 20. Rad1 Rcd5 21. Bc2 Rd2 22. Rxd2 Rxd2 23. Re2 Rd8 24. Nf1 Kf8 25. Rd2 Ke7 26. Rxd8 Kxd8 27. Ne3 Ke7 28. Kf2 Nd5 29. Nxd5+ exd5 30. Ke3 Kd6 31. Kd4 b5 32. a3 Bc6 33. f4 g6 34. g3 h5 35. Bd3 Bd7 36. Be2 f5 37. Bd3 Bc6 38. Bb1 Bd7 39. Ba2 Be6 40. Bb3 Bf7 41. Bd1 Be8 42. Be2 Bd7 43. b3 a5 44. h4 Bc6 45. c4 dxc4 46. bxc4 b4 47. axb4 axb4 48. c5+ Ke6 49. Bc4+ Kf6 50. Bb3 Be8 51. Kc4 Bf7+ 52. Kxb4 Bxb3 53. Kxb3 g5 54. hxg5+ 1-0

[Event "Vladivostok City at Sea-A"]
[Site "Vladivostok"]
[Date "2009.08.01"]
[Round "8"]
[White "Muratov, Sergey"]
[Black "Pavlovskiy, Mikhail"]
[Result "1/2-1/2"]
[WhiteElo "2262"]
[BlackElo "2254"]
[PlyCount "70"]
[EventDate "2009.07.25"]
[EventType "tourn"]
[EventRounds "9"]
[EventCountry "RUS"]
[EventCategory "3"]
[SourceTitle "EXT 2022"]
[Source "ChessBase"]
[SourceDate "2021.10.06"]
[SourceVersion "1"]
[SourceVersionDate "2021.10.06"]
[SourceQuality "1"]

1. d4 d5 2. c4 e6 3. Nc3 Nf6 4. Bg5 Be7 5. e3 Nbd7 6. Nf3 0-0 7. Bd3 dxc4 8. Bxc4 a6 9. 0-0 b5 10. Bb3 c5 11. Qe2 h6 12. Bh4 Bb7 13. dxc5 Nxc5 14. Rfd1 Qb6 15. Bc2 Rfd8 16. e4 g5 17. e5 Nd5 18. Nxd5 Bxd5 19. Bg3 Qb7 20. h4 Be4 21. hxg5 hxg5 22. Nxg5 Rxd1+ 23. Bxd1 Bg6 24. Bf4 Nd3 25. Nh3 Rd8 26. Bc2 Qc7 27. Bxd3 Rxd3 28. Bg5 Bxg5 29. Nxg5 Qd8 30. Ne4 Qd4 31. Re1 Bxe4 32. Qxe4 Qxe4 33. Rxe4 Rd1+ 34. Kh2 Rd2 35. f4 Rxb2 1/2-1/2

[Event "Vladivostok City at Sea-A"]
[Site "Vladivostok"]
[Date "2009.07.28"]
[Round "4"]
[White "Pavlovskiy, Mikhail"]
[Black "Meshalkin, Yury P"]
[Result "0-1"]
[WhiteElo "2254"]
[BlackElo "2361"]
[PlyCount "64"]
[EventDate "2009.07.25"]
[EventType "tourn"]
[EventRounds "9"]
[EventCountry "RUS"]
[EventCategory "3"]
[SourceTitle "EXT 2022"]
[Source "ChessBase"]
[SourceDate "2021.10.06"]
[SourceVersion "1"]
[SourceVersionDate "2021.10.06"]
[SourceQuality "1"]

1. e4 c6 2. d4 d5 3. Nd2 dxe4 4. Nxe4 Nf6 5. Nxf6+ exf6 6. Bf4 Be6 7. c3 Qb6 8. Qc2 Nd7 9. Nf3 g5 10. Be3 Qc7 11. Bd3 h5 12. h4 g4 13. Nd2 Bh6 14. Nf1 g3 15. f3 Bxe3 16. Nxe3 Qf4 17. Qd2 0-0-0 18. a3 Bb3 19. Bc2 Bxc2 20. Nxc2 Rhe8+ 21. Kd1 Qf5 22. Ne3 Qe6 23. Re1 f5 24. Kc2 Qf6 25. Qd3 f4 26. Nf1 Rxe1 27. Rxe1 Qxh4 28. Re2 Qg5 29. Nd2 h4 30. Ne4 Qg6 31. Re1 h3 32. gxh3 Rh8 0-1

[Event "Vladivostok City at Sea-A"]
[Site "Vladivostok"]
[Date "2009.07.25"]
[Round "1"]
[White "Kravtsov, Sergey"]
[Black "Pavlovskiy, Mikhail"]
[Result "1-0"]
[WhiteElo "2370"]
[BlackElo "2254"]
[PlyCount "71"]
[EventDate "2009.07.25"]
[EventType "tourn"]
[EventRounds "9"]
[EventCountry "RUS"]
[EventCategory "3"]
[SourceTitle "EXT 2022"]
[Source "ChessBase"]
[SourceDate "2021.10.06"]
[SourceVersion "1"]
[SourceVersionDate "2021.10.06"]
[SourceQuality "1"]

1. d4 d5 2. c4 c6 3. Nf3 Nf6 4. Nc3 e6 5. cxd5 cxd5 6. Bf4 Nc6 7. e3 a6 8. Bd3 Bd6 9. Bxd6 Qxd6 10. 0-0 0-0 11. Na4 Nd7 12. Rc1 h6 13. Bb1 f5 14. Nh4 Nf6 15. Ng6 Re8 16. f4 Ng4 17. Rf3 Rb8 18. Ne5 Ngxe5 19. fxe5 Qe7 20. Qd3 Qb4 21. b3 Qa3 22. Rff1 Nb4 23. Qd2 Bd7 24. Qb2 Qxb2 25. Nxb2 Rec8 26. a3 Nc6 27. Na4 b6 28. Bd3 Na5 29. Rxc8+ Bxc8 30. b4 Nc6 31. Rc1 Bd7 32. Bxa6 Nxb4 33. axb4 Bxa4 34. Bc8 Kf7 35. Rc7+ Kg6 36. Bxe6 1-0

[Event "Vladivostok Cup op"]
[Site "Vladivostok"]
[Date "2009.03.26"]
[Round "6"]
[White "Pavlovskiy, Mikhail"]
[Black "Petrov, Ivan2222"]
[Result "0-1"]
[WhiteElo "2254"]
[BlackElo "2162"]
[PlyCount "108"]
[EventDate "2009.03.21"]
[EventType "swiss"]
[EventRounds "7"]
[EventCountry "RUS"]
[SourceTitle "EXT 2012"]
[Source "ChessBase"]
[SourceDate "2011.11.24"]
[SourceVersion "1"]
[SourceVersionDate "2011.11.24"]
[SourceQuality "1"]

1. e4 c5 2. Nf3 d6 3. d4 cxd4 4. Nxd4 Nf6 5. Nc3 a6 6. Be2 e5 7. Nb3 Be7 8. Be3 Be6 9. 0-0 0-0 10. f4 exf4 11. Bxf4 Nc6 12. Kh1 d5 13. exd5 Nxd5 14. Nxd5 Bxd5 15. c3 a5 16. a4 Be4 17. Nd2 Bd5 18. Nc4 Bc5 19. Qd2 Ne7 20. Rfd1 Qc8 21. Nd6 Qc6 22. Bb5 Qb6 23. Nc4 Bxc4 24. Bxc4 Rad8 25. Qc2 Ng6 26. Bg3 Bd6 27. Bxd6 Rxd6 28. Rxd6 Qxd6 29. Rd1 Qf4 30. Bd5 b6 31. Kg1 Ne5 32. Qe4 Qf6 33. Rf1 Qd6 34. Bb3 h5 35. Rf5 Ng4 36. Rxh5 Nf6 37. Qe5 Qd2 38. Rf5 Qxb2 39. Bc4 Qa1+ 40. Rf1 Qxa4 41. Qd4 Qc6 42. Bd3 Rc8 43. Bf5 Qxc3 44. Qxb6 Qc5+ 45. Qxc5 Rxc5 46. Bd3 a4 47. Rb1 g6 48. Rb8+ Kg7 49. Ra8 Rc3 50. Bb5 a3 51. Kf1 Ng4 52. h3 Ne3+ 53. Kf2 Nd5 54. Ra4 Rc2+ 0-1

[Event "Vladivostok Cup op"]
[Site "Vladivostok"]
[Date "2009.03.21"]
[Round "1"]
[White "Voloshin, Konstantin"]
[Black "Pavlovskiy, Mikhail"]
[Result "0-1"]
[WhiteElo "1557"]
[BlackElo "2254"]
[PlyCount "72"]
[EventDate "2009.03.21"]
[EventType "swiss"]
[EventRounds "7"]
[EventCountry "RUS"]
[SourceTitle "EXT 2012"]
[Source "ChessBase"]
[SourceDate "2011.11.24"]
[SourceVersion "1"]
[SourceVersionDate "2011.11.24"]
[SourceQuality "1"]

1. c4 e5 2. Nc3 Nf6 3. g3 Nc6 4. Bg2 g6 5. d3 Bg7 6. Nf3 d6 7. 0-0 0-0 8. Bd2 Bd7 9. Qc1 Re8 10. Bg5 Qc8 11. Bh6 Bh8 12. Bg5 Ne7 13. Nh4 Bc6 14. Nf3 Qd7 15. Bxf6 Bxf6 16. Ne1 Bg7 17. e4 Rf8 18. Qd1 f5 19. f3 Kh8 20. Nc2 b6 21. Nb4 Bb7 22. Nbd5 Nxd5 23. Nxd5 c6 24. Nc3 Qe7 25. Qe2 Bc8 26. Rf2 Bd7 27. Raf1 f4 28. g4 Bf6 29. Bh1 h5 30. h3 Bh4 31. Rg2 Bg3 32. Nd1 hxg4 33. fxg4 Kg7 34. Rf3 Rh8 35. Nf2 Rh4 36. Kf1 Rah8 0-1

[Event "Vladivostok-ch op"]
[Site "Vladivostok"]
[Date "2008.12.03"]
[Round "9"]
[White "Sek, Konstantin"]
[Black "Pavlovskiy, Mikhail"]
[Result "1/2-1/2"]
[WhiteElo "2408"]
[BlackElo "2231"]
[PlyCount "39"]
[EventDate "2008.11.25"]
[EventType "swiss"]
[EventRounds "9"]
[EventCountry "RUS"]
[SourceTitle "EXT 2022"]
[Source "ChessBase"]
[SourceDate "2021.10.06"]
[SourceVersion "1"]
[SourceVersionDate "2021.10.06"]
[SourceQuality "1"]

1. d4 d5 2. c4 c6 3. Nc3 Nf6 4. Nf3 e6 5. Bg5 Be7 6. e3 Nbd7 7. Qc2 0-0 8. 0-0-0 b6 9. Kb1 Bb7 10. h4 Rc8 11. h5 c5 12. dxc5 Rxc5 13. h6 g6 14. Rh4 dxc4 15. Bxf6 Bxf6 16. Rxc4 Qe7 17. Ne4 Bxe4 18. Qxe4 Rxc4 19. Qxc4 Rd8 20. Be2 1/2-1/2